Geography Quiz

Random Geography or State Quiz

Colorado Cities Quiz Stats

 Plays Quiz Updated Sep 24, 2018

Score 0/20 Timer 06:00
0 Plays Today
Rank City % Correct
1Denver
99.5%
2Colorado Springs
90.7%
11Boulder
81.8%
3Aurora
78.4%
4Fort Collins
69.3%
9Pueblo
63.4%
16Grand Junction
50.3%
5Lakewood
44%
7Arvada
43.8%
12Greeley
42.9%
Rank City % Correct
20Littleton
40.6%
8Westminster
37.4%
10Centennial
36.4%
6Thornton
34.6%
14Loveland
33.1%
13Longmont
31%
17Castle Rock
26.8%
15Broomfield
26.6%
19Parker
21.1%
18Commerce City
18.8%

You're not logged in!

Compare scores with friends on all Sporcle quizzes.
OR
Log In

Sporcle TV

Today on Sporcle TV


Watch our educational content, quiz creation guides, and fun videos on Sporcle TV.

Show Comments

Extras

Top Quizzes Today


Score Distribution

Your Account Isn't Verified!

In order to create a playlist on Sporcle, you need to verify the email address you used during registration. Go to your Sporcle Settings to finish the process.

Report this User

Report this user for behavior that violates our Community Guidelines.

Details: